|
|
|
|
| LEADER |
01290nam a22002777a 4500 |
| 001 |
37729 |
| 003 |
BD-DhAAL |
| 008 |
220215t1985 bg ||||| b||| 00| 0 ben d |
| 999 |
|
|
|c 43508
|d 43508
|
| 020 |
|
|
|a 9840735187
|
| 040 |
|
|
|a BD-DhAAL
|
| 082 |
|
|
|a 491.44
|2 23
|
| 100 |
|
|
|a ঠাকুর, শাজাহান
|9 45778
|
| 245 |
|
|
|a বাংলা ছন্দের রীতি, রূপ ও বিকাশ /
|c শাজাহান ঠাকুর
|
| 246 |
|
|
|a A dissertation on Bengali prosody and its development
|
| 246 |
|
|
|a Bangla chhander reeti, roop O bikash
|
| 260 |
|
|
|a ঢাকা
|b বাংলা একাডেমী,
|c ১৯৮৫
|
| 300 |
|
|
|a ২০৩ পৃষ্ঠা ;
|c ২২ সে.মি.
|
| 504 |
|
|
|a গ্রন্থপঞ্জিগত নির্দেশিকা অন্তর্ভুক্ত।
|
| 526 |
|
|
|a BIED
|
| 541 |
|
|
|a Complimentary copy from BIED
|e 37729
|
| 650 |
|
|
|a Bengali language.
|9 45779
|
| 650 |
|
|
|a Bengali language
|x Prosody.
|9 45780
|
| 852 |
|
|
|a Ayesha Abed Library
|c General Stacks
|
| 942 |
|
|
|2 ddc
|c BK
|
| 952 |
|
|
|0 0
|1 0
|2 ddc
|4 0
|6 491_440000000000000_THA
|7 0
|9 69798
|a BRACUL
|b BRACUL
|c GEN
|d 2022-02-15
|e Complimentary copy from BIED
|l 0
|o 491.44 THA
|p 3010037729
|r 2022-02-15
|t 1
|w 2022-02-15
|y BK
|x Transferred from BIED to General Stacks
|